000 00676nam a22002297a 4500
005 20170124110056.0
010 _aB-128214
020 _c00.00
_a9788170998945
035 _aB-128214
037 _bCen Lib/Ret
040 _aDPL
_bEN
082 _a954.11
_bDHA
100 _aDhar, T. N.
_926550
245 _aA window on Kashmir /
_cby T. N. Dhar
260 _aNew Delhi
_bMittal Publications
_c2003
270 _aA-110, Mohan Garden
_bNew Delhi
_e110059
300 _axvi,186p.
_c22cm(Hb)
500 _aIncludes index
650 _aJammu and Kashmir (India) -- Civilization
_926551
650 _aCivilization
_915651
942 _2ddc
_cEN
_h954.11
_mDHA
999 _c129501
_d129501